Care India (Record no. 233445)
[ view plain ]
| 000 -LEADER | |
|---|---|
| fixed length control field | 00336nam a22001337a 4500 |
| 003 - CONTROL NUMBER IDENTIFIER | |
| control field | OSt |
| 005 - DATE AND TIME OF LATEST TRANSACTION | |
| control field | 20250102153443.0 |
| 008 - FIXED-LENGTH DATA ELEMENTS--GENERAL INFORMATION | |
| fixed length control field | 241231b ||||| |||| 00| 0 eng d |
| 040 ## - CATALOGING SOURCE | |
| Transcribing agency | DDC |
| 245 ## - TITLE STATEMENT | |
| Title | Care India |
| 260 ## - PUBLICATION, DISTRIBUTION, ETC. | |
| Place of publication, distribution, etc. | Bengaluru |
| Name of publisher, distributor, etc. | Suryasoundarya Prakashana Pvt. Ltd |
| 856 ## - ELECTRONIC LOCATION AND ACCESS | |
| Uniform Resource Identifier | <a href="https://www.spardhaarivu.in/">https://www.spardhaarivu.in/</a> |
| 942 ## - ADDED ENTRY ELEMENTS (KOHA) | |
| Source of classification or shelving scheme | Dewey Decimal Classification |
| Koha item type | Periodicals |
| Serial record | 1 |
| Withdrawn status | Lost status | Source of classification or shelving scheme | Damaged status | Not for loan | Home library | Current library | Shelving location | Date acquired | Serial Enumeration / chronology | Total Checkouts | Date last seen | Price effective from | Koha item type |
|---|---|---|---|---|---|---|---|---|---|---|---|---|---|
| Dewey Decimal Classification | St Aloysius Library | St Aloysius Library | Periodical Section | 12/31/2024 | Vol. 10, No. 1 | 12/31/2024 | 12/31/2024 | Periodicals | |||||
| Dewey Decimal Classification | St Aloysius Library | St Aloysius Library | Periodical Section | 12/31/2024 | Vol. 10, No. 2 | 12/31/2024 | 12/31/2024 | Periodicals |